| 000 | 00606nam a2200181Ia 4500 | ||
|---|---|---|---|
| 003 | GCL | ||
| 008 | 140319s9999 xx 000 0 ara d | ||
| 040 |
_aGCL / _cGCL |
||
| 082 | 0 | 4 |
_a370.87 _bع ب |
| 100 | 1 | _aعبدالباسط عبدالمعطى | |
| 245 | 1 | 0 |
_aبحوث حاجات الطفولةالعربية : قراءة تحليلية / _cعبدالباسط عبدالمعطى |
| 300 | _a231 ص | ||
| 490 |
_aدراسات وبحوث _v0 |
||
| 650 | 0 | 4 | _aالاطفال, بحوث |
| 650 | 0 | 4 | _aالاطفال, علم نفس |
| 650 | 0 | 4 | _aالاطفال, العالم العربى |
| 942 |
_2ddc _cBK |
||
| 999 |
_c46626 _d46626 |
||